Jours de la semaine en grec - Statistiques

Statistiques générales
  • Ce quiz a été pris 3 fois
  • Le résultat moyen est 5 sur 7
Statistiques - réponses
François Grec % Correct
Dimanche Κυριακή(Kiriaki)
100%
Samedi Σάββατο(Savato)
100%
Vendredi Παρασκευή(Paraskevi)
67%
Jeudi Πέμπτη(Pemti)
67%
Lundi Δευτέρα(Theftera)
67%
Mercredi Τετάρτη(Tetarti)
33%
Mardi Τρίτη(Triti)
33%
Aucun quiz correspondant
Distribution des résultats
% des personnes avec chaque résultat
Percentile par nombre de réponses
Votre historique - résultats
Vous n’avez pas pris ce quiz